Biofysikální chemie
Salvato in:
| Autori principali: | , |
|---|---|
| Natura: | Libro |
| Lingua: | ceco |
| Pubblicazione: |
Praha
Academia
2002
|
| Edizione: | 2. přeprac. a rozšíř. vyd. |
| Accesso online: | Visualizza in OPAC |
| Tags: |
Nessun Tag, puoi essere il primo ad aggiungerne!!
|
MARC
| LEADER | 00000nam a2200000 a 4500 | ||
|---|---|---|---|
| 005 | 20260127133948.0 | ||
| 008 | 050127 2002 xr 000 0 cze d | ||
| 020 | |a 8020007911 | ||
| 035 | |a vtls001490962 | ||
| 039 | 9 | |a 200612131402 |b mschk04 |c 200502101115 |d mschk04 |y 200501271150 |z mschk03 | |
| 040 | |a STUSCHK1 |b slo |c STUSCHK1 |e AACR2 | ||
| 080 | |a 577.3 | ||
| 100 | 1 | |a Kodíček, Milan, |d 1948- |9 531 | |
| 245 | 1 | |a Biofysikální chemie | |
| 250 | |a 2. přeprac. a rozšíř. vyd. | ||
| 260 | |a Praha |b Academia |c 2002 | ||
| 300 | |a 337 s. | ||
| 500 | |a Tab.,grafy,lit.,index | ||
| 700 | 1 | |a Karpenko, Vladimír |4 aut. | |
| 910 | |a SCHK95 | ||
| 919 | |a 80-200-0791-1 | ||
| 999 | |c 989 |d 989 | ||